Score 0/42 Timer 03:00
2 Plays Today
Game (C)ards or (D)ice? % Correct
Solitaire???
86.1%
Poker???
86.1%
Hearts???
86%
Blackjack???
85%
Go Fish???
84.8%
Bridge???
84.4%
Rummy???
83%
Crazy Eights???
81.7%
Yahtzee???
79.4%
Boggle???
78.2%
Backgammon???
73.3%
Mouse Trap???
72.7%
Euchre???
71.2%
Canasta???
71%
Pinochle???
70.9%
Trouble???
70.5%
Chutes and Ladders???
69.8%
High Rollers???
68.7%
Craps???
68.3%
Cribbage???
68%
Spoons???
65.9%
Game (C)ards or (D)ice? % Correct
Whist???
65.1%
Rook???
63.3%
Strat-O-Matic???
60.7%
Chuck-a-luck???
59.9%
Oh Hell!???
59.2%
Calypso???
57.4%
Fan Tan???
57.3%
Wizard???
56.8%
Faro???
56%
Bunco???
53.2%
Zonk???
51.8%
Scattergories???
50.8%
Chingona???
49.4%
Perquackey???
49.1%
Perudo???
48.9%
Cee-lo???
48.6%
Go Boom???
48.1%
Kismet???
46.1%
Pig???
45.1%
Left Center Right???
45.1%
Ship, Captain, and Crew???
41.9%
Remove Ads.
Support Sporcle.
Get the best of Sporcle when you Go Orange. This ad-free experience offers more features, more stats, and more fun while also helping to support Sporcle. Thank you for becoming a member.

You're not logged in!

Compare scores with friends on all Sporcle quizzes.
OR
Log In

Show Comments

Extras

Top Quizzes Today


Score Distribution

Your Account Isn't Verified!

In order to create a playlist on Sporcle, you need to verify the email address you used during registration. Go to your Sporcle Settings to finish the process.

Report this User

Report this user for behavior that violates our Community Guidelines.

Details: